00924cam a2200265 4500001000800000005001700008008004100025010001700066020001500083040001800098041000800116043002100124080001500145082001500160100000700175101000800182245007700190246007200267246007800339504005300417906004500470942001200515999001700527952011400544457263820180131044222.0740223m19721981ie b 001 0 eng  a 74156782  a0716520850 aDLCcDLCdDLC aeng an-us---ae-uk--- a973.27 DAV00a973.27 DAV a16 aHIS10aDocuments of the American Revolution, 1770-1783;cEdited by K.G. Davies.1 iVol. 16 has title:aDocuments of the American Revolution, 1779-17801 iVol. 16 has spine title:aDocuments of the American Revolution, 1770-1783 aIncludes bibliographical references and indexes. a7bcbccorignewd2encipf19gy-gencatlg 2ddccBK c41350d41350 00102udc40708PËKGa002b002cPËKGd2018-01-31l0o973.27 DAVp002-2996807r2018-01-31w2018-01-31yBK